| 000 | 01192nam a22002297a 4500 | ||
|---|---|---|---|
| 999 |
_c18002 _d18002 |
||
| 003 | BDDh-ASL | ||
| 005 | 20231015025652.0 | ||
| 008 | 200916b2000 ||||| b||| 00| 0 d | ||
| 020 | _a9843110986 | ||
| 040 |
_aBDDh-ASL _cBDDh-ASL _dBDDh-ASL |
||
| 041 | _abengali | ||
| 082 |
_a297.09254 _bARA |
||
| 245 | 0 |
_aআরাকানের মুসলমান: ইতিহাস ও ঐতিহ্য / _cমোহাম্মদ মুহিবউল্যাহ ছিদ্দিকী (সম্পা.)। |
|
| 246 | _aArakaner Musalman: Itihas O Oitijjo. | ||
| 260 |
_aচট্টগ্রাম: _bআরাকান হিস্টরিক্যাল সোসাইটি, _c২০০০। |
||
| 300 |
_a৩১৯ পৃষ্ঠা: _c২২ সে. মি.। |
||
| 504 | _aগ্রন্থপঞ্জি সংযুক্ত। | ||
| 600 | _2আরাকান | ||
| 650 | 0 |
_9837 _aআরাকানের মুসলমানদের ইতিহাস _xমুসলমানদের ইতিহাস ও ঐতিহ্য |
|
| 700 | 0 |
_9836 _aছিদ্দিকী, মোহম্মদ মুহিবউল্যাহ |
|
| 942 |
_2ddc _cBK |
||